Lập trình bằng hợp ngữ
Sách gồm 23 chương, giới thiệu cách lập trình bằng hợp ngữ (assembly). Sách được trình bày dễ hiểu, bạn đọc không cần phải đọc nhiều trang trước khi bắt tay vào viết thử chương trình đầu tiên. Hai chương cuối có tóm tắt các lệnh dùng...
Salvato in:
| Autore principale: | |
|---|---|
| Natura: | Libro |
| Lingua: | Undetermined |
| Pubblicazione: |
H.
Khoa học và kỹ thuật
2001
|
| Soggetti: | |
| Accesso online: | http://lrc.tdmu.edu.vn/opac/search/detail.asp?aID=2&ID=6713 |
| Tags: |
Aggiungi Tag
Nessun Tag, puoi essere il primo ad aggiungerne! !
|
| Thư viện lưu trữ: | Trung tâm Học liệu Trường Đại học Thủ Dầu Một |
|---|
| LEADER | 01086nam a2200205Ia 4500 | ||
|---|---|---|---|
| 001 | TDMU_6713 | ||
| 008 | 210410s9999 xx 000 0 und d | ||
| 082 | |a 005.13 | ||
| 090 | |b NG450 | ||
| 100 | |a Ngô, Diên Tập | ||
| 245 | 0 | |a Lập trình bằng hợp ngữ | |
| 245 | 0 | |c Ngô Diên Tập | |
| 260 | |a H. | ||
| 260 | |b Khoa học và kỹ thuật | ||
| 260 | |c 2001 | ||
| 300 | |a 360tr. | ||
| 520 | |a Sách gồm 23 chương, giới thiệu cách lập trình bằng hợp ngữ (assembly). Sách được trình bày dễ hiểu, bạn đọc không cần phải đọc nhiều trang trước khi bắt tay vào viết thử chương trình đầu tiên. Hai chương cuối có tóm tắt các lệnh dùng trong lập trình bằng ngôn ngữ Assembly.; TI053; TI088; TI141 | ||
| 650 | |a Ngôn ngữ lập trình Assembly (Assembler) | ||
| 856 | |u http://lrc.tdmu.edu.vn/opac/search/detail.asp?aID=2&ID=6713 | ||
| 980 | |a Trung tâm Học liệu Trường Đại học Thủ Dầu Một | ||